Lego Harry Potter Sets - Statistics

General Stats
  • This quiz has been taken 27 times
  • The average score is 18 of 43
Answer Stats
Picture Answer % Correct
Malfoy Manor
85%
Buckbeak
75%
Gringotts Wizarding Bank
75%
Hagrid's Hut: An Unexpected Visit
75%
Hogwarts Castle
75%
Knight Bus Adventure
75%
Talking Sorting Hat
75%
The Burrow
70%
Fawkes
65%
Hogwarts Express
65%
Hogwarts Castle Owlery
60%
Diagon Alley
55%
The Battle of Hogwarts
55%
Hogwarts Castle: Flying Lessons
50%
Gringotts Vault
45%
Hogwarts Castle Dueling Club
45%
Hogwarts Castle: The Great Hall
45%
Flying Ford Anglia
40%
Hogwarts: Chamber of Secrets
40%
Room of Requirement
40%
The Ministry of Magic
40%
The Monster Book of Monsters
40%
Hogwarts Castle Boathouse
35%
Quidditch Match
35%
Aragog in the Forbidden Forest
30%
Borgin and Burkes: Floo Network
30%
Expecto Patronum
30%
Forbidden Forest: Umbridge's Encounter
30%
Hogwarts Wizard's Chess
30%
Hungarian Horntail Triwizard Challenge
30%
Triwizard Tournament: The Arrival
30%
The Shrieking Shack and Whomping Willow
25%
12 Grimmauld Place
20%
4 Privet Drive
20%
Hogwarts: Grand Staircase
20%
Triwizard Tournament: The Black Lake
20%
Beauxbatons' Carriage: Arrival at Hogwarts
15%
Hogsmeade Village Visit
15%
Hogwarts: Fluffy Encounter
15%
Hogwarts Gryffindor Dorms
15%
Hogwarts Carriage and Thestrals
10%
Hogwarts: Polyjuice Potion Mistake
10%
The Rise of Voldemort
10%
No matching quizzes found
Score Distribution
Percent of People with Each Score
Percentile by Number Answered
Your Score History
You have not taken this quiz